El imperio de Alejandro: aspectos geográficos e historiográficos

Saved in:
Bibliografiske detaljer
Main Authors: Gómez Espelosín, Francisco Javier (Author), Antela-Bernárdez, Borja (Author)
Format: Bog
Sprog:spansk
Udgivet: Alcalá de Henares Universidad de Alcalá 2016
Serier:Monografías Humanidades, 64
Fag:
Tags: Tilføj Tag
Ingen Tags, Vær først til at tagge denne postø!

MARC

LEADER 00000cam a2200000 a 4500
001 UCC0098
003 CL-VaPUC
005 20240612155314.0
008 170721e20160000sp |||||||||||||||||spa|d
999 |c 369046  |d 369044 
020 |a 9788416599974 
040 |c Pontificia Universidad Católica de Valparaíso 
082 0 4 |a 938.07 GOM 2016  |2 21 
100 |a Gómez Espelosín, Francisco Javier  |e author  |9 594017 
245 1 3 |a El imperio de Alejandro:  |b  aspectos geográficos e historiográficos 
260 |a Alcalá de Henares  |b Universidad de Alcalá  |c 2016 
300 |a 226 páginas 
490 0 |a Monografías Humanidades,  |v  64 
583 |a last modification  |c 20170721 23:47:00  |k Rodrigo Vera 
600 0 |a Magno, Alejandro  |9 318232 
650 0 |a Historia de Grecia   |9 267917 
700 0 |a Antela-Bernárdez, Borja  |e author  |9 594018 
942 |c BK  |2 ddc 
945 |d 20170721 23:47:00  |a dcastane 
952 |0 0  |1 0  |3 erb  |4 0  |6 938_070000000000000_GOM_2016  |7 0  |8 A  |9 484582  |a BIBHIS  |b BIBHIS  |i 5409373  |o 938.07 GOM 2016  |p 5409373  |r 2025-01-20  |w 2019-11-24  |y BK  |z Catalogado en:20170721  |k HIS